00914nam a2200193 i 4500001000700000003000900007005001700016008004100033080001300074100004300087245015600130260006100286300002100347500001900368700003200387852015500419999001900574952012700593173003ES-MaACL20251123063309.0091005s1854 sp |||| | spa d a78.089.1 aCarreras y González, Mariano922707213aEl trompeta del archiduque b: zarzuela en un acto / carreglada al teatro español por Mariano Carreras y González ; música de Javier Gaztambide. aMadrid : b[s.n.], c1854 (fImp. de José Rodríguez) a32 p. ; c18 cm. aSolo la letra.1 aGaztambide, Javier.9127271 aES-MaACLjF-8602(8) q.- Falto de la cub. original z.- Enc. en un vol. facticio formando parte de la col. facticia "Teatro español moderno" vol. 55 c173003d173003 001040708LIBXIXaATENEOMbATENEOMcSPP2d2009-10-05eSCl0oF-8602(8)p1181532r2023-02-23 00:00:00w2023-02-23yMONANT